[Event "January Lviv Tradition"]
[Site "Lviv"]
[Date "2017.01.23"]
[Round "1.2"]
[White "Nesteretz, Anatoliy"]
[Black "Lagashin, Pavel"]
[Result "1/2-1/2"]
[BlackElo "2207"]
[WhiteElo "2416"]
[LiveChessVersion "1.4.8"]

1. d4 {[%clk 1:30:31]} d5 {[%clk 1:30:49]} 2. c4 {[%clk 1:29:55]} c6
{[%clk 1:31:12]} 3. Nc3 {[%clk 1:24:59]} Nf6 {[%clk 1:31:33]} 4. Nf3
{[%clk 1:23:44]} e6 {[%clk 1:31:28]} 5. Bg5 {[%clk 1:21:27]} h6 {[%clk 1:31:50]}
6. Bxf6 {[%clk 1:21:43]} Qxf6 {[%clk 1:32:12]} 7. g3 {[%clk 1:22:10]} Nd7
{[%clk 1:32:27]} 8. Bg2 {[%clk 1:22:08]} dxc4 {[%clk 1:32:45]} 9. O-O
{[%clk 1:19:43]} Bd6 {[%clk 1:33:05]} 10. Ne4 {[%clk 1:07:30]} Qe7
{[%clk 1:33:27]} 11. Qc2 {[%clk 1:01:55]} Bc7 {[%clk 1:31:55]} 12. Qxc4
{[%clk 0:59:10]} e5 {[%clk 1:29:41]} 13. Qc3 {[%clk 0:46:22]} O-O
{[%clk 1:26:13]} 14. d5 {[%clk 0:45:30]} cxd5 {[%clk 1:23:50]} 15. Qxc7
{[%clk 0:45:54]} dxe4 {[%clk 1:24:11]} 16. Nh4 {[%clk 0:43:54]} Qc5
{[%clk 1:24:16]} 17. Qxc5 {[%clk 0:36:03]} Nxc5 {[%clk 1:24:38]} 18. Rfc1
{[%clk 0:35:28]} Ne6 {[%clk 1:18:15]} 19. Bxe4 {[%clk 0:21:11]} Nd4
{[%clk 1:18:15]} 20. Kf1 {[%clk 0:21:29]} Bh3+ {[%clk 1:10:01]} 21. Ke1
{[%clk 0:18:54]} Rad8 {[%clk 0:47:56]} 22. e3 {[%clk 0:14:01]} g5
{[%clk 0:47:52]} 23. exd4 {[%clk 0:11:32]} gxh4 {[%clk 0:46:22]} 24. dxe5
{[%clk 0:11:45]} Rfe8 {[%clk 0:45:41]} 25. f4 {[%clk 0:11:43]} f6
{[%clk 0:45:47]} 26. Rd1 {[%clk 0:07:16]} fxe5 {[%clk 0:44:37]} 27. Rxd8
{[%clk 0:04:54]} Rxd8 {[%clk 0:44:59]} 28. fxe5 {[%clk 0:04:59]} Re8
{[%clk 0:42:22]} 29. Kf2 {[%clk 0:03:41]} Rxe5 {[%clk 0:42:40]} 30. Re1
{[%clk 0:03:42]} Bf5 {[%clk 0:39:47]} 31. Kf3 {[%clk 0:02:59]} hxg3
{[%clk 0:39:11]} 32. hxg3 {[%clk 0:03:20]} Kf7 {[%clk 0:38:52]} 1/2-1/2

[Event "January Lviv Tradition"]
[Site "Lviv"]
[Date "2017.01.23"]
[Round "1.3"]
[White "Kagramanianz, Vartan"]
[Black "Bunyatov, Rustam"]
[Result "1-0"]
[BlackElo "2254"]
[WhiteElo "2301"]
[LiveChessVersion "1.4.8"]

1. d4 {[%clk 1:30:56]} Nf6 {[%clk 1:30:46]} 2. Nf3 {[%clk 1:30:23]} e6
{[%clk 1:30:55]} 3. Bf4 {[%clk 1:29:35]} c5 {[%clk 1:30:49]} 4. e3
{[%clk 1:29:11]} Qb6 {[%clk 1:25:36]} 5. Qc1 {[%clk 1:27:48]} Nc6
{[%clk 1:22:09]} 6. c3 {[%clk 1:26:47]} Be7 {[%clk 1:22:26]} 7. Nbd2
{[%clk 1:26:45]} d5 {[%clk 1:20:03]} 8. h3 {[%clk 1:23:44]} Bd7 {[%clk 1:19:05]}
9. Bd3 {[%clk 1:23:19]} Rc8 {[%clk 1:17:52]} 10. Qb1 {[%clk 1:12:33]} O-O
{[%clk 1:11:43]} 11. Ne5 {[%clk 1:05:01]} h6 {[%clk 1:08:41]} 12. O-O
{[%clk 1:00:38]} cxd4 {[%clk 1:07:47]} 13. Nxd7 {[%clk 0:59:19]} Nxd7
{[%clk 1:08:08]} 14. exd4 {[%clk 0:59:42]} e5 {[%clk 1:03:58]} 15. Bh7+
{[%clk 0:53:37]} Kh8 {[%clk 1:04:16]} 16. Bf5 {[%clk 0:54:05]} exf4
{[%clk 1:02:40]} 17. Bxd7 {[%clk 0:54:23]} Rcd8 {[%clk 1:03:01]} 18. Bf5
{[%clk 0:54:03]} Bf6 {[%clk 1:01:23]} 19. Nf3 {[%clk 0:51:48]} Rfe8
{[%clk 1:00:59]} 20. Bd3 {[%clk 0:51:26]} Re7 {[%clk 0:59:26]} 21. Qc1
{[%clk 0:51:19]} Rde8 {[%clk 0:58:37]} 22. Qxf4 {[%clk 0:49:37]} Nd8
{[%clk 0:46:50]} 23. Qd2 {[%clk 0:48:58]} Ne6 {[%clk 0:46:32]} 24. Rae1
{[%clk 0:42:13]} Ng5 {[%clk 0:46:27]} 25. Nxg5 {[%clk 0:42:20]} Bxg5
{[%clk 0:46:45]} 26. Rxe7 {[%clk 0:42:07]} Rxe7 {[%clk 0:47:08]} 27. Qc2
{[%clk 0:42:20]} Qe6 {[%clk 0:44:47]} 28. Bf5 {[%clk 0:39:56]} Qe2
{[%clk 0:43:05]} 29. Qxe2 {[%clk 0:39:03]} Rxe2 {[%clk 0:43:27]} 30. Rb1
{[%clk 0:39:28]} Kg8 {[%clk 0:42:05]} 31. Kf1 {[%clk 0:39:16]} Re7
{[%clk 0:42:10]} 32. Bg4 {[%clk 0:39:03]} Kf8 {[%clk 0:42:12]} 33. Bf3
{[%clk 0:39:15]} Rd7 {[%clk 0:42:33]} 34. Re1 {[%clk 0:39:18]} Bf6
{[%clk 0:42:49]} 35. g3 {[%clk 0:39:26]} g6 {[%clk 0:42:00]} 36. a4
{[%clk 0:38:02]} a5 {[%clk 0:41:04]} 37. h4 {[%clk 0:37:50]} h5 {[%clk 0:40:28]}
38. Bd1 {[%clk 0:36:01]} Bg7 {[%clk 0:38:24]} 39. Bb3 {[%clk 0:35:05]} Rd6
{[%clk 0:35:29]} 40. Re2 {[%clk 0:34:29]} Rd7 {[%clk 0:34:14]} 41. Ke1
{[%clk 0:34:17]} Rd6 {[%clk 0:34:11]} 42. Kd2 {[%clk 0:34:21]} Rd7
{[%clk 0:33:42]} 43. Kd3 {[%clk 0:34:34]} Bf6 {[%clk 0:33:24]} 44. Re1
{[%clk 0:34:52]} Rd8 {[%clk 0:33:09]} 45. Bd1 {[%clk 0:34:59]} b6
{[%clk 0:31:35]} 46. f4 {[%clk 0:34:09]} Rd7 {[%clk 0:27:55]} 47. Bf3
{[%clk 0:33:55]} Rd8 {[%clk 0:27:02]} 48. f5 {[%clk 0:29:50]} Rd6
{[%clk 0:24:18]} 49. Rb1 {[%clk 0:24:30]} Bd8 {[%clk 0:22:24]} 50. Rf1
{[%clk 0:24:53]} Bf6 {[%clk 0:19:43]} 51. fxg6 {[%clk 0:22:25]} fxg6
{[%clk 0:20:09]} 52. Bxd5 {[%clk 0:22:45]} Kg7 {[%clk 0:20:12]} 53. Kc4
{[%clk 0:22:19]} Rd7 {[%clk 0:20:18]} 54. Re1 {[%clk 0:22:07]} Bd8
{[%clk 0:20:07]} 55. Re6 {[%clk 0:22:13]} Re7 {[%clk 0:20:11]} 56. Kb5
{[%clk 0:21:10]} Rxe6 {[%clk 0:20:06]} 57. Bxe6 {[%clk 0:21:34]} Kf6
{[%clk 0:19:33]} 58. Bd7 {[%clk 0:21:40]} Bc7 {[%clk 0:19:38]} 59. g4
{[%clk 0:21:56]} hxg4 {[%clk 0:19:37]} 60. Bxg4 {[%clk 0:22:19]} 1-0

[Event "January Lviv Tradition"]
[Site "Lviv"]
[Date "2017.01.23"]
[Round "1.4"]
[White "Bykovskiy, Oleg"]
[Black "Terletsky, Oleg"]
[Result "1-0"]
[BlackElo "2312"]
[WhiteElo "2327"]
[LiveChessVersion "1.4.8"]

1. e4 {[%clk 1:30:58]} e5 {[%clk 1:30:55]} 2. Nc3 {[%clk 1:31:24]} Nf6
{[%clk 1:29:44]} 3. g3 {[%clk 1:31:46]} d5 {[%clk 1:27:00]} 4. exd5
{[%clk 1:31:46]} Nxd5 {[%clk 1:27:24]} 5. Bg2 {[%clk 1:32:11]} Nxc3
{[%clk 1:27:49]} 6. bxc3 {[%clk 1:32:39]} Nc6 {[%clk 1:28:08]} 7. Rb1
{[%clk 1:26:20]} Bc5 {[%clk 1:19:28]} 8. Ne2 {[%clk 1:25:48]} O-O
{[%clk 1:12:14]} 9. O-O {[%clk 1:23:54]} Bb6 {[%clk 1:11:37]} 10. Ba3
{[%clk 1:19:16]} Re8 {[%clk 1:11:47]} 11. c4 {[%clk 1:19:00]} e4 {[%clk 1:02:42]}
12. c5 {[%clk 0:48:34]} Ba5 {[%clk 1:02:01]} 13. c3 {[%clk 0:48:34]} Bg4
{[%clk 0:54:20]} 14. h3 {[%clk 0:38:39]} Bf3 {[%clk 0:51:55]} 15. Bxf3
{[%clk 0:28:08]} exf3 {[%clk 0:52:19]} 16. Nf4 {[%clk 0:27:34]} g5
{[%clk 0:29:30]} 17. Nh5 {[%clk 0:27:24]} Re2 {[%clk 0:29:16]} 18. Qa4
{[%clk 0:21:40]} Qxd2 {[%clk 0:11:18]} 19. Qg4 {[%clk 0:18:37]} Ne5
{[%clk 0:10:11]} 20. Qf5 {[%clk 0:18:48]} Qc2 {[%clk 0:07:36]} 21. Qxg5+
{[%clk 0:18:05]} Qg6 {[%clk 0:07:55]} 22. Qh4 {[%clk 0:13:42]} Bxc3
{[%clk 0:06:21]} 23. Bb4 {[%clk 0:11:40]} Bd4 {[%clk 0:01:51]} 24. Rbd1
{[%clk 0:07:30]} Nd3 {[%clk 0:01:00]} 25. Qxd4 {[%clk 0:07:26]} Qxh5
{[%clk 0:00:41]} 26. Rxd3 {[%clk 0:07:12]} 1-0

[Event "January Lviv Tradition"]
[Site "Lviv"]
[Date "2017.01.23"]
[Round "1.5"]
[White "Shpanko, Nadiia"]
[Black "Polulikh, Bogdan"]
[Result "0-1"]
[BlackElo "2178"]
[WhiteElo "2018"]
[LiveChessVersion "1.4.8"]

1. e4 {[%clk 1:30:57]} Nf6 {[%clk 1:30:52]} 2. e5 {[%clk 1:31:21]} Nd5
{[%clk 1:31:18]} 3. d4 {[%clk 1:31:45]} d6 {[%clk 1:31:39]} 4. c4
{[%clk 1:31:11]} Nb6 {[%clk 1:32:01]} 5. exd6 {[%clk 1:30:42]} cxd6
{[%clk 1:31:29]} 6. f4 {[%clk 1:27:52]} g6 {[%clk 1:30:01]} 7. Nf3
{[%clk 1:26:29]} Bg7 {[%clk 1:30:02]} 8. Be2 {[%clk 1:24:33]} O-O
{[%clk 1:29:08]} 9. O-O {[%clk 1:23:06]} Nc6 {[%clk 1:26:31]} 10. Nc3
{[%clk 1:17:31]} Bg4 {[%clk 1:12:27]} 11. Be3 {[%clk 1:14:31]} d5
{[%clk 1:11:00]} 12. c5 {[%clk 1:13:39]} Nc4 {[%clk 1:09:04]} 13. Bxc4
{[%clk 0:43:53]} dxc4 {[%clk 1:09:23]} 14. d5 {[%clk 0:31:52]} Nb4
{[%clk 1:09:04]} 15. h3 {[%clk 0:23:06]} Bf5 {[%clk 0:56:34]} 16. Bd4
{[%clk 0:17:02]} Bd3 {[%clk 0:51:05]} 17. Bxg7 {[%clk 0:14:21]} Kxg7
{[%clk 0:51:26]} 18. Ne5 {[%clk 0:10:45]} Bxf1 {[%clk 0:47:08]} 19. Qxf1
{[%clk 0:11:01]} Nxd5 {[%clk 0:45:57]} 20. Rd1 {[%clk 0:10:40]} e6
{[%clk 0:45:49]} 21. Qxc4 {[%clk 0:10:37]} Qe7 {[%clk 0:42:52]} 22. Nxd5
{[%clk 0:10:13]} exd5 {[%clk 0:41:37]} 23. Rxd5 {[%clk 0:09:45]} Rad8
{[%clk 0:41:36]} 24. Nd7 {[%clk 0:08:56]} Qe3+ {[%clk 0:30:34]} 25. Kh2
{[%clk 0:07:48]} Rfe8 {[%clk 0:30:37]} 26. Re5 {[%clk 0:06:57]} Rxe5
{[%clk 0:28:54]} 27. Nxe5 {[%clk 0:07:25]} Rf8 {[%clk 0:29:07]} 28. Nd7
{[%clk 0:07:00]} Re8 {[%clk 0:28:59]} 29. Ne5 {[%clk 0:06:35]} Re7
{[%clk 0:28:20]} 30. b4 {[%clk 0:04:27]} f6 {[%clk 0:27:32]} 31. Nd3
{[%clk 0:03:37]} Qe4 {[%clk 0:25:44]} 32. Qxe4 {[%clk 0:03:55]} Rxe4
{[%clk 0:26:08]} 33. f5 {[%clk 0:03:32]} Rd4 {[%clk 0:26:08]} 34. Nc1
{[%clk 0:03:46]} Rxb4 {[%clk 0:26:10]} 35. fxg6 {[%clk 0:04:14]} hxg6
{[%clk 0:26:31]} 36. Kg3 {[%clk 0:04:28]} Rb2 {[%clk 0:26:06]} 0-1

[Event "January Lviv Tradition"]
[Site "Lviv"]
[Date "2017.01.24"]
[Round "2.2"]
[White "Terletsky, Oleg"]
[Black "Shpanko, Nadiia"]
[Result "1-0"]
[BlackElo "2018"]
[WhiteElo "2312"]
[LiveChessVersion "1.4.8"]

1. e4 {[%clk 1:30:59]} c5 {[%clk 1:30:55]} 2. Nf3 {[%clk 1:31:24]} d6
{[%clk 1:31:21]} 3. d4 {[%clk 1:31:48]} cxd4 {[%clk 1:31:49]} 4. Nxd4
{[%clk 1:32:13]} Nf6 {[%clk 1:32:16]} 5. Nc3 {[%clk 1:32:37]} a6 {[%clk 1:32:43]}
6. Be3 {[%clk 1:33:01]} e6 {[%clk 1:33:09]} 7. f3 {[%clk 1:32:59]} b5
{[%clk 1:33:33]} 8. a4 {[%clk 1:32:33]} b4 {[%clk 1:29:50]} 9. Na2
{[%clk 1:32:28]} e5 {[%clk 1:26:57]} 10. Nb3 {[%clk 1:32:06]} Nc6
{[%clk 1:10:23]} 11. c4 {[%clk 1:31:42]} bxc3 {[%clk 1:08:45]} 12. Nxc3
{[%clk 1:32:06]} Be6 {[%clk 1:08:19]} 13. a5 {[%clk 1:28:45]} d5 {[%clk 0:58:33]}
14. Bb6 {[%clk 1:28:35]} Qd6 {[%clk 0:55:02]} 15. Nc5 {[%clk 1:26:17]} dxe4
{[%clk 0:41:35]} 16. Nxa6 {[%clk 1:24:57]} Rxa6 {[%clk 0:30:13]} 17. Bxa6
{[%clk 1:25:18]} exf3 {[%clk 0:30:20]} 18. Qxf3 {[%clk 1:24:44]} e4
{[%clk 0:30:30]} 19. Qd1 {[%clk 1:22:07]} Bd5 {[%clk 0:26:38]} 20. O-O
{[%clk 1:21:41]} Qe5 {[%clk 0:26:04]} 21. Rxf6 {[%clk 1:21:29]} gxf6
{[%clk 0:26:15]} 22. Qxd5 {[%clk 1:21:47]} 1-0

[Event "January Lviv Tradition"]
[Site "Lviv"]
[Date "2017.01.24"]
[Round "2.3"]
[White "Bunyatov, Rustam"]
[Black "Bykovskiy, Oleg"]
[Result "0-1"]
[BlackElo "2327"]
[WhiteElo "2254"]
[LiveChessVersion "1.4.8"]

1. e4 {[%clk 1:30:58]} e5 {[%clk 1:29:44]} 2. Nf3 {[%clk 1:31:22]} Nf6
{[%clk 1:30:13]} 3. Nxe5 {[%clk 1:31:05]} d6 {[%clk 1:30:41]} 4. Nf3
{[%clk 1:31:09]} Nxe4 {[%clk 1:31:08]} 5. Nc3 {[%clk 1:30:55]} Nxc3
{[%clk 1:31:31]} 6. dxc3 {[%clk 1:31:20]} Be7 {[%clk 1:31:57]} 7. Be3
{[%clk 1:31:36]} O-O {[%clk 1:32:20]} 8. Qd2 {[%clk 1:31:08]} Nd7
{[%clk 1:32:44]} 9. O-O-O {[%clk 1:29:58]} Ne5 {[%clk 1:33:06]} 10. Nd4
{[%clk 1:19:57]} c6 {[%clk 1:27:54]} 11. h3 {[%clk 1:11:27]} Qa5 {[%clk 1:27:25]}
12. Kb1 {[%clk 1:11:45]} c5 {[%clk 1:27:45]} 13. Nb3 {[%clk 1:10:04]} Qa4
{[%clk 1:25:47]} 14. f4 {[%clk 1:05:33]} Nc4 {[%clk 1:21:37]} 15. Bxc4
{[%clk 1:05:14]} Qxc4 {[%clk 1:22:06]} 16. Rhe1 {[%clk 1:04:37]} Be6
{[%clk 1:20:18]} 17. g4 {[%clk 1:03:11]} f5 {[%clk 1:15:30]} 18. g5
{[%clk 0:59:54]} Rfe8 {[%clk 1:13:14]} 19. Qg2 {[%clk 0:55:45]} a5
{[%clk 0:59:25]} 20. Nc1 {[%clk 0:55:09]} Bf7 {[%clk 0:59:11]} 21. Rd3
{[%clk 0:49:15]} Qb5 {[%clk 0:54:12]} 22. Bd2 {[%clk 0:47:23]} c4
{[%clk 0:48:01]} 23. Rde3 {[%clk 0:29:31]} Bd5 {[%clk 0:46:34]} 24. Qf1
{[%clk 0:26:02]} Be4 {[%clk 0:46:26]} 25. Ne2 {[%clk 0:25:36]} d5
{[%clk 0:44:50]} 26. Nd4 {[%clk 0:26:02]} Qd7 {[%clk 0:45:15]} 27. h4
{[%clk 0:23:34]} Bc5 {[%clk 0:41:39]} 28. Rxe4 {[%clk 0:21:19]} Rxe4
{[%clk 0:38:47]} 29. Rxe4 {[%clk 0:21:48]} fxe4 {[%clk 0:39:15]} 30. f5
{[%clk 0:21:19]} Bxd4 {[%clk 0:38:25]} 31. cxd4 {[%clk 0:21:47]} Rf8
{[%clk 0:35:57]} 32. f6 {[%clk 0:22:05]} b6 {[%clk 0:36:24]} 33. Qf4
{[%clk 0:21:10]} Qe6 {[%clk 0:36:21]} 34. Qg3 {[%clk 0:21:28]} Qf5
{[%clk 0:31:52]} 35. h5 {[%clk 0:20:36]} Qd7 {[%clk 0:22:22]} 36. h6
{[%clk 0:19:22]} gxf6 {[%clk 0:18:05]} 37. gxf6+ {[%clk 0:19:41]} Kf7
{[%clk 0:18:35]} 38. Qe5 {[%clk 0:13:03]} Rg8 {[%clk 0:17:39]} 39. Bg5
{[%clk 0:11:32]} e3 {[%clk 0:04:42]} 40. Bxe3 {[%clk 0:07:49]} Qe6
{[%clk 0:04:19]} 41. a4 {[%clk 0:03:51]} Qxe5 {[%clk 0:02:17]} 42. dxe5
{[%clk 0:04:16]} Rb8 {[%clk 0:02:44]} 43. Bd4 {[%clk 0:04:03]} b5
{[%clk 0:03:10]} 44. axb5 {[%clk 0:04:21]} Rxb5 {[%clk 0:03:39]} 45. Ka2
{[%clk 0:03:59]} Rb8 {[%clk 0:03:31]} 46. Ka3 {[%clk 0:04:27]} Rg8
{[%clk 0:03:56]} 47. Ka4 {[%clk 0:04:32]} Rg2 {[%clk 0:04:07]} 48. Kxa5
{[%clk 0:04:45]} Rxc2 {[%clk 0:03:59]} 49. Kb5 {[%clk 0:04:55]} Ke6
{[%clk 0:03:38]} 50. Kc5 {[%clk 0:04:31]} Rc1 {[%clk 0:02:09]} 51. Kc6
{[%clk 0:04:17]} Rd1 {[%clk 0:02:17]} 52. Bc5 {[%clk 0:04:23]} Rf1
{[%clk 0:01:40]} 53. Bd4 {[%clk 0:04:22]} Rf3 {[%clk 0:02:01]} 54. Kc7
{[%clk 0:04:33]} Rd3 {[%clk 0:01:13]} 55. Bc5 {[%clk 0:04:19]} c3
{[%clk 0:00:50]} 56. bxc3 {[%clk 0:02:16]} Rxc3 {[%clk 0:01:18]} 57. Kb6
{[%clk 0:02:37]} Rh3 {[%clk 0:01:36]} 58. Kc6 {[%clk 0:02:25]} Rxh6
{[%clk 0:01:11]} 59. f7 {[%clk 0:02:51]} Kxf7+ {[%clk 0:01:35]} 60. Kxd5
{[%clk 0:03:16]} Rg6 {[%clk 0:01:52]} 61. Ke4 {[%clk 0:03:22]} Ke6
{[%clk 0:02:14]} 62. Bf2 {[%clk 0:03:16]} h5 {[%clk 0:02:40]} 63. Kf3
{[%clk 0:03:29]} Kxe5 {[%clk 0:02:57]} 64. Bg3+ {[%clk 0:03:47]} Kf5
{[%clk 0:03:26]} 65. Bf2 {[%clk 0:03:37]} Rg4 {[%clk 0:03:45]} 66. Bg3
{[%clk 0:04:03]} h4 {[%clk 0:02:56]} 67. Bd6 {[%clk 0:04:27]} Rd4
{[%clk 0:03:08]} 68. Bc7 {[%clk 0:04:37]} Rg4 {[%clk 0:02:52]} 69. Bd6
{[%clk 0:05:01]} h3 {[%clk 0:03:01]} 70. Bg3 {[%clk 0:05:00]} Rg6
{[%clk 0:03:22]} 71. Kf2 {[%clk 0:05:14]} Ke4 {[%clk 0:03:46]} 72. Bc7
{[%clk 0:05:35]} Rg2+ {[%clk 0:04:10]} 73. Kf1 {[%clk 0:05:58]} Kf3
{[%clk 0:04:38]} 0-1

[Event "January Lviv Tradition"]
[Site "Lviv"]
[Date "2017.01.24"]
[Round "2.4"]
[White "Lagashin, Pavel"]
[Black "Kagramanianz, Vartan"]
[Result "1-0"]
[BlackElo "2301"]
[WhiteElo "2207"]
[LiveChessVersion "1.4.8"]

1. d4 {[%clk 1:30:58]} d5 {[%clk 1:30:54]} 2. c4 {[%clk 1:31:25]} c6
{[%clk 1:31:19]} 3. Nf3 {[%clk 1:31:51]} Nf6 {[%clk 1:31:42]} 4. Nc3
{[%clk 1:32:18]} a6 {[%clk 1:32:07]} 5. c5 {[%clk 1:32:45]} g6 {[%clk 1:30:19]}
6. Bf4 {[%clk 1:33:01]} Bg7 {[%clk 1:29:40]} 7. h3 {[%clk 1:31:15]} O-O
{[%clk 1:19:08]} 8. e3 {[%clk 1:31:25]} b5 {[%clk 1:05:29]} 9. cxb6
{[%clk 1:30:35]} Qxb6 {[%clk 1:01:19]} 10. Qb3 {[%clk 1:24:37]} Nbd7
{[%clk 0:55:23]} 11. Qxb6 {[%clk 1:13:30]} Nxb6 {[%clk 0:55:30]} 12. Ne5
{[%clk 1:13:55]} Bb7 {[%clk 0:54:41]} 13. b4 {[%clk 1:10:20]} Nfd7
{[%clk 0:51:28]} 14. Nxd7 {[%clk 1:07:46]} Nxd7 {[%clk 0:51:41]} 15. Na4
{[%clk 1:08:05]} e5 {[%clk 0:43:29]} 16. dxe5 {[%clk 1:08:27]} Bxe5
{[%clk 0:43:50]} 17. Bxe5 {[%clk 1:08:44]} Nxe5 {[%clk 0:44:08]} 18. Nc5
{[%clk 1:06:55]} Bc8 {[%clk 0:44:31]} 19. f4 {[%clk 1:06:09]} Nd7
{[%clk 0:42:57]} 20. Nb3 {[%clk 1:06:27]} d4 {[%clk 0:38:09]} 21. Nxd4
{[%clk 1:01:06]} Re8 {[%clk 0:33:55]} 22. Nxc6 {[%clk 0:59:33]} Rxe3+
{[%clk 0:33:46]} 23. Kf2 {[%clk 0:59:25]} Re6 {[%clk 0:30:58]} 24. Rc1
{[%clk 0:56:32]} Bb7 {[%clk 0:30:28]} 25. Na5 {[%clk 0:56:40]} Bd5
{[%clk 0:30:42]} 26. Bc4 {[%clk 0:56:12]} Nb6 {[%clk 0:31:04]} 27. Rhd1
{[%clk 0:54:52]} Nxc4 {[%clk 0:21:27]} 28. Nxc4 {[%clk 0:53:35]} Bc6
{[%clk 0:18:16]} 29. Rd6 {[%clk 0:52:41]} Rxd6 {[%clk 0:12:16]} 30. Nxd6
{[%clk 0:53:05]} Bd5 {[%clk 0:12:41]} 31. a4 {[%clk 0:53:21]} Kg7
{[%clk 0:13:02]} 32. Rc8 {[%clk 0:52:32]} Rxc8 {[%clk 0:09:05]} 33. Nxc8
{[%clk 0:52:53]} Kf6 {[%clk 0:09:22]} 34. Nb6 {[%clk 0:51:53]} Bc6
{[%clk 0:08:57]} 35. g3 {[%clk 0:51:39]} h5 {[%clk 0:08:59]} 36. a5
{[%clk 0:49:49]} Kf5 {[%clk 0:06:06]} 37. Ke3 {[%clk 0:46:45]} Bg2
{[%clk 0:04:54]} 38. h4 {[%clk 0:45:58]} Kg4 {[%clk 0:02:54]} 39. Kf2
{[%clk 0:46:20]} Bc6 {[%clk 0:01:38]} 40. Nc4 {[%clk 0:45:32]} Kf5
{[%clk 0:01:46]} 41. Ke3 {[%clk 0:45:31]} f6 {[%clk 0:01:41]} 42. Nd6+
{[%clk 0:42:34]} Ke6 {[%clk 0:01:43]} 43. Ne4 {[%clk 0:42:44]} Kf5
{[%clk 0:01:53]} 44. Nf2 {[%clk 0:42:07]} Bb5 {[%clk 0:01:54]} 45. Kd4
{[%clk 0:42:19]} g5 {[%clk 0:02:07]} 46. fxg5 {[%clk 0:42:32]} fxg5
{[%clk 0:02:32]} 47. hxg5 {[%clk 0:42:02]} Kxg5 {[%clk 0:02:56]} 48. Ke5
{[%clk 0:39:54]} Bf1 {[%clk 0:02:49]} 49. Ne4+ {[%clk 0:39:07]} Kg4
{[%clk 0:03:01]} 50. Nf6+ {[%clk 0:39:29]} Kg5 {[%clk 0:03:25]} 51. Nd5
{[%clk 0:39:52]} Bg2 {[%clk 0:00:40]} 52. Ne3 {[%clk 0:40:08]} Bc6
{[%clk 0:00:56]} 53. Kd6 {[%clk 0:40:07]} Bb5 {[%clk 0:00:48]} 54. Kc5
{[%clk 0:40:27]} Be2 {[%clk 0:01:01]} 55. Kb6 {[%clk 0:40:28]} Bd3
{[%clk 0:01:11]} 56. Nd5 {[%clk 0:36:01]} Kg4 {[%clk 0:01:27]} 57. Nf6+
{[%clk 0:36:28]} Kg5 {[%clk 0:01:31]} 58. Nd7 {[%clk 0:36:55]} Bf1
{[%clk 0:01:48]} 59. Nc5 {[%clk 0:33:46]} Kg4 {[%clk 0:02:12]} 60. Ne4
{[%clk 0:30:32]} Kf5 {[%clk 0:02:02]} 61. Nd6+ {[%clk 0:27:43]} Kg4
{[%clk 0:02:14]} 62. b5 {[%clk 0:27:58]} Kxg3 {[%clk 0:02:01]} 63. bxa6
{[%clk 0:28:01]} 1-0

[Event "January Lviv Tradition"]
[Site "Lviv"]
[Date "2017.01.24"]
[Round "2.5"]
[White "Sevostianov, Pavel"]
[Black "Nesteretz, Anatoliy"]
[Result "0-1"]
[BlackElo "2416"]
[WhiteElo "2262"]
[LiveChessVersion "1.4.8"]

1. c4 {[%clk 1:30:54]} Nf6 {[%clk 1:30:13]} 2. g3 {[%clk 1:30:19]} e5
{[%clk 1:28:48]} 3. Bg2 {[%clk 1:30:22]} g6 {[%clk 1:20:15]} 4. Nc3
{[%clk 1:30:34]} Bg7 {[%clk 1:20:35]} 5. e3 {[%clk 1:26:09]} d6 {[%clk 1:17:57]}
6. Nge2 {[%clk 1:26:34]} O-O {[%clk 1:12:21]} 7. O-O {[%clk 1:26:08]} Nc6
{[%clk 1:09:02]} 8. d3 {[%clk 1:24:52]} Bd7 {[%clk 1:02:04]} 9. h3
{[%clk 1:20:50]} a6 {[%clk 0:56:56]} 10. b3 {[%clk 1:17:46]} Rb8 {[%clk 0:57:11]}
11. Bb2 {[%clk 1:18:09]} b5 {[%clk 0:57:23]} 12. Qd2 {[%clk 1:16:40]} Ne7
{[%clk 0:45:56]} 13. e4 {[%clk 1:15:35]} Ne8 {[%clk 0:40:23]} 14. cxb5
{[%clk 1:14:55]} axb5 {[%clk 0:40:40]} 15. d4 {[%clk 1:15:10]} c5
{[%clk 0:31:30]} 16. dxc5 {[%clk 1:12:22]} dxc5 {[%clk 0:31:46]} 17. Rfd1
{[%clk 1:11:03]} Nf6 {[%clk 0:32:08]} 18. Qd6 {[%clk 1:09:46]} b4
{[%clk 0:26:08]} 19. Na4 {[%clk 0:56:58]} Bxa4 {[%clk 0:26:05]} 20. bxa4
{[%clk 0:46:32]} Qxd6 {[%clk 0:20:54]} 21. Rxd6 {[%clk 0:47:01]} c4
{[%clk 0:14:52]} 22. Rad1 {[%clk 0:39:06]} c3 {[%clk 0:14:29]} 23. Bc1
{[%clk 0:39:35]} Nc8 {[%clk 0:07:04]} 24. Rc6 {[%clk 0:37:36]} Nb6
{[%clk 0:04:06]} 25. a5 {[%clk 0:34:49]} Nbd7 {[%clk 0:03:32]} 26. Be3
{[%clk 0:28:11]} Rb5 {[%clk 0:01:47]} 27. a6 {[%clk 0:28:12]} Ra5
{[%clk 0:02:09]} 28. Nc1 {[%clk 0:26:31]} Nb8 {[%clk 0:01:47]} 29. Rb6
{[%clk 0:25:52]} Nxa6 {[%clk 0:01:41]} 30. Bg5 {[%clk 0:24:28]} Nc5
{[%clk 0:01:04]} 31. Bxf6 {[%clk 0:24:23]} Bxf6 {[%clk 0:00:52]} 32. Rxf6
{[%clk 0:24:43]} Ne6 {[%clk 0:00:39]} 33. Rd5 {[%clk 0:20:37]} Rfa8
{[%clk 0:00:41]} 34. Rxa5 {[%clk 0:16:12]} Rxa5 {[%clk 0:01:08]} 35. Rf3
{[%clk 0:16:40]} Nd4 {[%clk 0:01:14]} 36. Rf6 {[%clk 0:13:21]} b3
{[%clk 0:00:48]} 37. Nxb3 {[%clk 0:12:58]} Nxb3 {[%clk 0:01:04]} 38. axb3
{[%clk 0:01:06]} Rc5 {[%clk 0:01:10]} 39. b4 {[%clk 0:00:55]} Rc8
{[%clk 0:01:30]} 0-1

[Event "January Lviv Tradition"]
[Site "Lviv"]
[Date "2017.01.24"]
[Round "3.2"]
[White "Kagramanianz, Vartan"]
[Black "Sevostianov, Pavel"]
[Result "1/2-1/2"]
[BlackElo "2262"]
[WhiteElo "2301"]
[LiveChessVersion "1.4.8"]

1. d4 {[%clk 1:30:01]} d5 {[%clk 1:25:10]} 2. c4 {[%clk 1:30:24]} dxc4
{[%clk 1:24:52]} 3. e3 {[%clk 1:29:53]} Nf6 {[%clk 1:24:50]} 4. Bxc4
{[%clk 1:29:21]} a6 {[%clk 1:23:41]} 5. Nf3 {[%clk 1:29:11]} e6 {[%clk 1:21:39]}
6. O-O {[%clk 1:28:17]} c5 {[%clk 1:20:55]} 7. dxc5 {[%clk 1:28:06]} Bxc5
{[%clk 1:21:18]} 8. Qxd8+ {[%clk 1:28:20]} Kxd8 {[%clk 1:21:34]} 9. Rd1+
{[%clk 1:27:48]} Ke7 {[%clk 1:22:00]} 10. a3 {[%clk 1:28:00]} b5 {[%clk 1:22:12]}
11. Bd3 {[%clk 1:27:45]} Bb7 {[%clk 1:22:27]} 12. b4 {[%clk 1:28:02]} Bb6
{[%clk 1:22:04]} 13. Bb2 {[%clk 1:28:18]} Nbd7 {[%clk 1:22:05]} 14. Nbd2
{[%clk 1:23:43]} Rhd8 {[%clk 1:22:18]} 15. Rac1 {[%clk 1:23:44]} Rac8
{[%clk 1:22:20]} 16. Rxc8 {[%clk 1:17:46]} Rxc8 {[%clk 1:17:09]} 17. Rc1
{[%clk 1:17:39]} Rxc1+ {[%clk 1:17:28]} 18. Bxc1 {[%clk 1:18:08]} Nd5
{[%clk 1:17:29]} 19. Bb2 {[%clk 1:18:26]} g6 {[%clk 1:17:45]} 20. Nb3
{[%clk 1:18:23]} f6 {[%clk 1:17:57]} 21. Bd4 {[%clk 1:17:56]} Bc7
{[%clk 1:18:11]} 22. Nc5 {[%clk 1:17:54]} Nxc5 {[%clk 1:18:26]} 23. Bxc5+
{[%clk 1:18:22]} Bd6 {[%clk 1:18:26]} 24. Bxd6+ {[%clk 1:18:47]} Kxd6 25. Kf1
{[%clk 1:17:51]} Nb6 {[%clk 1:19:18]} 26. Nd2 {[%clk 1:18:05]} e5
{[%clk 1:19:17]} 27. f3 {[%clk 1:18:29]} Bd5 {[%clk 1:19:33]} 28. e4
{[%clk 1:17:55]} Be6 {[%clk 1:19:54]} 29. Ke2 {[%clk 1:17:58]} Na4
{[%clk 1:20:06]} 30. Bc2 {[%clk 1:18:03]} Nb6 {[%clk 1:20:34]} 31. Bd3
{[%clk 1:18:26]} Na4 {[%clk 1:20:50]} 32. Bc2 {[%clk 1:18:53]} Nb6
{[%clk 1:21:16]} 33. Bd3 {[%clk 1:19:19]} Na4 {[%clk 1:21:41]} 34. Bc2
{[%clk 1:19:43]} Nb6 {[%clk 1:22:09]} 1/2-1/2